[Event "FICGS theme 0000 email"]
[Site "FICGS email"]
[Date "2008.06.30"]
[Round "1"]
[White "Ponting, Andrew"]
[Black "Coll, Julien"]
[Result "1-0"]
[WhiteElo "1800"]
[BlackElo "1879"]
[PlyCount "25"]
[EventDate "2008.??.??"]
[EventType "swiss (corr)"]
[EventRounds "1"]
[SourceTitle "Corr 2022"]
[Source "ChessBase"]
[SourceDate "2021.10.24"]
[SourceVersion "1"]
[SourceVersionDate "2021.10.24"]
[SourceQuality "1"]

1. e4 Nf6 2. e5 Nd5 3. d4 d6 4. Nf3 dxe5 5. Nxe5 c6 6. Bc4 Nd7 7. Nf3 b5 8. Bd3 e6 9. 0-0 Bb7 10. Re1 Be7 11. c3 0-0 12. Nbd2 a6 13. Ne4 1-0

[Event "FICGS theme 0000 email"]
[Site "FICGS email"]
[Date "2008.02.28"]
[Round "1"]
[White "Inving, Yugi"]
[Black "Coll, Julien"]
[Result "1-0"]
[WhiteElo "914"]
[BlackElo "1791"]
[PlyCount "35"]
[EventDate "2008.??.??"]
[EventType "swiss (corr)"]
[EventRounds "1"]
[SourceTitle "Corr 2022"]
[Source "ChessBase"]
[SourceDate "2021.10.24"]
[SourceVersion "1"]
[SourceVersionDate "2021.10.24"]
[SourceQuality "1"]

1. e4 d5 2. exd5 Nf6 3. c4 e6 4. dxe6 Bxe6 5. Nf3 Qe7 6. Qe2 Nc6 7. d4 Bg4 8. Be3 0-0-0 9. d5 Ne5 10. Nc3 Nfd7 11. 0-0-0 Qf6 12. h3 Bxf3 13. gxf3 Qxf3 14. Qxf3 Nxf3 15. Be2 Nde5 16. Nb5 a6 17. Nd4 Nxd4 18. Bxd4 1-0

[Event "FICGS theme 0000 email"]
[Site "FICGS email"]
[Date "2008.02.28"]
[Round "1"]
[White "Paulesu, Sebastiano"]
[Black "Coll, Julien"]
[Result "1/2-1/2"]
[WhiteElo "2067"]
[BlackElo "1791"]
[PlyCount "33"]
[EventDate "2008.??.??"]
[EventType "swiss (corr)"]
[EventRounds "1"]
[SourceTitle "Corr 2022"]
[Source "ChessBase"]
[SourceDate "2021.10.24"]
[SourceVersion "1"]
[SourceVersionDate "2021.10.24"]
[SourceQuality "1"]

1. e4 d5 2. exd5 Nf6 3. c4 e6 4. d4 exd5 5. Nc3 Bb4 6. Bd3 0-0 7. Nf3 dxc4 8. Bxc4 Nc6 9. 0-0 Bg4 10. a3 Bxf3 11. Qxf3 Qxd4 12. axb4 Qxc4 13. b5 Nd4 14. Qxb7 Rab8 15. Qxa7 Nxb5 16. Nxb5 Rxb5 17. Re1 1/2-1/2

[Event "FICGS no engines 00 email"]
[Site "FICGS email"]
[Date "2008.01.30"]
[Round "1"]
[White "Czekaj, Christophe"]
[Black "Coll, Julien"]
[Result "0-1"]
[WhiteElo "1873"]
[BlackElo "1791"]
[PlyCount "30"]
[EventDate "2008.??.??"]
[EventType "swiss (corr)"]
[EventRounds "1"]
[SourceTitle "Corr 2022"]
[Source "ChessBase"]
[SourceDate "2021.10.24"]
[SourceVersion "1"]
[SourceVersionDate "2021.10.24"]
[SourceQuality "1"]

1. d4 f5 2. Nc3 Nf6 3. Bg5 d5 4. f3 Nc6 5. e3 e6 6. a3 Be7 7. Qd2 0-0 8. 0-0-0 h6 9. Bxf6 Bxf6 10. Nge2 a6 11. h3 Qd6 12. g4 b6 13. Nf4 fxg4 14. hxg4 Bxd4 15. Nxe6 Bxc3 0-1

[Event "FICGS no engines 00 email"]
[Site "FICGS email"]
[Date "2008.01.30"]
[Round "1"]
[White "Romaniuk, Dmytro"]
[Black "Coll, Julien"]
[Result "1/2-1/2"]
[WhiteElo "1800"]
[BlackElo "1791"]
[PlyCount "45"]
[EventDate "2008.??.??"]
[EventType "swiss (corr)"]
[EventRounds "1"]
[SourceTitle "Corr 2022"]
[Source "ChessBase"]
[SourceDate "2021.10.24"]
[SourceVersion "1"]
[SourceVersionDate "2021.10.24"]
[SourceQuality "1"]

1. d4 Nf6 2. c4 g6 3. Nc3 Bg7 4. e4 d6 5. f3 0-0 6. Be3 Nc6 7. Nge2 a6 8. Qd2 Rb8 9. Nc1 e5 10. d5 Nd4 11. N1e2 c5 12. dxc6 bxc6 13. Nxd4 exd4 14. Bxd4 d5 15. cxd5 cxd5 16. 0-0-0 dxe4 17. Qf4 exf3 18. Be5 fxg2 19. Bxg2 Bd7 20. Bxb8 Qxb8 21. Qxb8 Rxb8 22. Rhf1 Bf5 23. Rxf5 1/2-1/2

[Event "FICGS class D 000055 email"]
[Site "FICGS email"]
[Date "2007.08.02"]
[Round "1"]
[White "Coll, Julien"]
[Black "Boucher, Brice"]
[Result "1-0"]
[WhiteElo "1516"]
[BlackElo "1700"]
[PlyCount "39"]
[EventDate "2007.??.??"]
[EventType "tourn (corr)"]
[EventRounds "6"]
[SourceTitle "Corr 2022"]
[Source "ChessBase"]
[SourceDate "2021.10.24"]
[SourceVersion "1"]
[SourceVersionDate "2021.10.24"]
[SourceQuality "1"]

1. e4 c5 2. Nf3 d6 3. d4 cxd4 4. Nxd4 a6 5. Nc3 Nf6 6. Bg5 e6 7. f4 Be7 8. Qf3 0-0 9. 0-0-0 Qc7 10. g4 b5 11. a3 Bb7 12. Bd3 Nc6 13. Nxc6 Bxc6 14. Rhg1 Rab8 15. Qh3 e5 16. f5 h6 17. Bxh6 gxh6 18. g5 Nh7 19. Qxh6 Qd8 20. f6 1-0

[Event "FICGS class E 000057 email"]
[Site "FICGS email"]
[Date "2007.08.02"]
[Round "1"]
[White "Coll, Julien"]
[Black "Cirovic, Veljko"]
[Result "1-0"]
[WhiteElo "1516"]
[BlackElo "1597"]
[PlyCount "39"]
[EventDate "2007.??.??"]
[EventType "tourn (corr)"]
[EventRounds "5"]
[SourceTitle "Corr 2022"]
[Source "ChessBase"]
[SourceDate "2021.10.24"]
[SourceVersion "1"]
[SourceVersionDate "2021.10.24"]
[SourceQuality "1"]

1. e4 e5 2. Nf3 Nc6 3. Bb5 a6 4. Ba4 Bc5 5. c3 Qf6 6. d4 exd4 7. e5 Qe7 8. cxd4 Ba7 9. 0-0 Kf8 10. Nc3 f6 11. Nd5 Qd8 12. Re1 Nge7 13. Nxe7 Nxe7 14. exf6 Nd5 15. fxg7+ Kxg7 16. Bb3 Nf6 17. Bh6+ Kxh6 18. Qd2+ Kg7 19. Qg5+ Kf8 20. Qh6# 1-0

[Event "FICGS class E 000056 email"]
[Site "FICGS email"]
[Date "2007.07.30"]
[Round "1"]
[White "Coll, Julien"]
[Black "King, Kevin"]
[Result "1-0"]
[WhiteElo "1516"]
[BlackElo "1548"]
[PlyCount "75"]
[EventDate "2007.??.??"]
[EventType "tourn (corr)"]
[EventRounds "5"]
[SourceTitle "Corr 2022"]
[Source "ChessBase"]
[SourceDate "2021.10.24"]
[SourceVersion "1"]
[SourceVersionDate "2021.10.24"]
[SourceQuality "1"]

1. e4 e5 2. Nf3 Nc6 3. Bb5 a6 4. Ba4 Nf6 5. 0-0 Be7 6. Re1 b5 7. Bb3 d6 8. c3 0-0 9. h3 Bb7 10. d4 Re8 11. Nbd2 Bf8 12. d5 Nb8 13. Nf1 Nbd7 14. N3h2 Nc5 15. Bc2 c6 16. b4 Ncd7 17. dxc6 Bxc6 18. Bg5 h6 19. Bxf6 Nxf6 20. Ng4 Nxg4 21. Qxg4 Bd7 22. Qf3 Rc8 23. Bb3 Be6 24. Qd3 Qc7 25. Rec1 Bc4 26. Qf3 Re6 27. Ne3 Rf6 28. Qd1 Qb7 29. Bxc4 bxc4 30. Nd5 Rg6 31. a4 Rb8 32. Rcb1 Qd7 33. Kh2 f5 34. Qe2 fxe4 35. Qxe4 Re6 36. Qxc4 Be7 37. b5 a5 38. Nc7 1-0

[Event "FICGS class E 000056 email"]
[Site "FICGS email"]
[Date "2007.07.30"]
[Round "1"]
[White "Coll, Julien"]
[Black "Zimmerman, Mark"]
[Result "1-0"]
[WhiteElo "1516"]
[BlackElo "1600"]
[PlyCount "77"]
[EventDate "2007.??.??"]
[EventType "tourn (corr)"]
[EventRounds "5"]
[SourceTitle "Corr 2022"]
[Source "ChessBase"]
[SourceDate "2021.10.24"]
[SourceVersion "1"]
[SourceVersionDate "2021.10.24"]
[SourceQuality "1"]

1. e4 e5 2. Nf3 Nf6 3. Nxe5 Qe7 4. Nf3 Nxe4 5. Be2 d5 6. 0-0 Be6 7. d4 c6 8. Re1 Nd7 9. Bd3 Nef6 10. Ng5 g6 11. Qe2 Bg7 12. Nxe6 fxe6 13. Qxe6 Qxe6 14. Rxe6+ Kf7 15. Re2 Rae8 16. Nc3 Rxe2 17. Nxe2 Re8 18. Kf1 Ne4 19. f3 Nd6 20. c3 Nf8 21. Bf4 Ke6 22. Re1 Kd7 23. Bc1 Ne6 24. Nf4 b6 25. h4 c5 26. Nxe6 Rxe6 27. dxc5 bxc5 28. g4 Rxe1+ 29. Kxe1 Ke6 30. h5 Kf7 31. hxg6+ hxg6 32. Be3 c4 33. Bc2 a6 34. f4 Nb5 35. a4 Nc7 36. Kd2 Ne6 37. b4 d4 38. cxd4 Nxd4 39. Be4 1-0